Départements de la région Sud (PACA) - Statistiques

Statistiques générales
  • Ce quiz a été pris 535 fois
  • Le résultat moyen est 4 sur 6
Answers on the Grid
Answers color-coded by a green-red scale on the quiz's grid according to % correct below.
Var (83)
Gard (30)
Drôme (26)
Alpes-maritimes (06)
Alpes-de-Haute-Provence (04)
Vaucluse (84)
Hérault (34)
Ardèche (07)
Aude (11)
Hautes-Alpes (05)
Pyrénées-Orientales (66)
Bouches-du-Rhône (13)
Lozère (48)
Isère (38)
 
Statistiques - réponses
Réponse % Correct
Var (83)
92%
Alpes-de-Haute-Provence (04)
73%
Alpes-maritimes (06)
73%
Bouches-du-Rhône (13)
69%
Vaucluse (84)
67%
Hautes-Alpes (05)
66%
Aucun quiz correspondant
Distribution des résultats
% des personnes avec chaque résultat
Percentile par nombre de réponses
Votre historique - résultats
Vous n’avez pas pris ce quiz